[Event "WA Championship"]
[Site "Redmond"]
[Date "2009.02.14"]
[Round "6"]
[White "Rohonyan Katerine"]
[Black "Greninger Harley"]
[Result "1-0"]
[WhiteElo "2335"]
[BlackElo "2236"]
[Annotator ""]
[Source ""]
[Remark ""]

1.c4 c6 2.e4 e6 3.Nf3 d5 4.exd5 exd5 5.cxd5 cxd5 6.Bb5+ Bd7 7.Bxd7+
Nxd7 8.O-O Ngf6 9.Re1+ Be7 10.Qe2 Rc8 11.Nc3 Kf8 12.d4 Rc6 13.Bf4
h6 14.Ne5 Re6 15.Qf3 Nxe5 16.dxe5 Ne4 17.Nxe4 dxe4 18.Qxe4 Qb8
19.Rad1 g5 20.Bg3 Kg7 21.Rd7 b6 22.Qf5 Re8 23.Rc1 Rc8 24.Rcd1
Rc7 25.h4 Qc8 26.Rxc7 Qxc7 27.h5 Qc6 28.b3 Qb5 29.Qe4 Rc6 30.Kh2
Re6 31.Rd3 a5 32.f4 gxf4 33.Bxf4 Qc6 34.Rg3+ Bg5 35.Qf5 Kf8 36.Bxg5
hxg5 37.Qxg5 Qe4 38.Qd8+ Re8 39.Qd6+ Re7 40.Qh6+ 1-0

[Event "WA Championship"]
[Site "Redmond"]
[Date "2009.02.14"]
[Round "6"]
[White "Chen Howard"]
[Black "Perez Ignacio"]
[Result "1-0"]
[WhiteElo "2039"]
[BlackElo "2311"]
[Annotator ""]
[Source ""]
[Remark ""]

1.e4 g6 2.d4 Bg7 3.Nf3 d6 4.Nc3 Nf6 5.Bd3 O-O 6.O-O Na6 7.Re1
c5 8.e5 Ng4 9.exd6 Qxd6 10.Nb5 Qd8 11.h3 Nf6 12.c3 cxd4 13.Nbxd4
Nc5 14.Bc2 a6 15.Bg5 h6 16.Bh4 Qb6 17.Rb1 Re8 18.Ne5 Ncd7 19.Nxf7
g5 20.Bb3 gxh4 21.Nxh6+ Kh8 22.Nf7+ Kg8 23.Nd6+ e6 24.Nxe6 Rxe6
25.Rxe6 Nc5 26.Re8+ Kh7 27.Bc2+ Nce4 28.Bxe4+ Nxe4 29.Qh5+ Bh6
30.Rh8+ Kxh8 1-0

[Event "WA Championship"]
[Site "Redmond"]
[Date "2009.02.15"]
[Round "7"]
[White "Greninger Harley"]
[Black "Lee Michael"]
[Result "0-1"]
[WhiteElo "2236"]
[BlackElo "2374"]
[Annotator ""]
[Source ""]
[Remark ""]

1.d4 Nf6 2.Nf3 g6 3.Nc3 d5 4.Bf4 Bg7 5.e3 O-O 6.Be2 c5 7.Ne5
Nc6 8.O-O Bf5 9.Na4 cxd4 10.Nxc6 bxc6 11.exd4 Nd7 12.Re1 Qa5
13.c3 c5 14.dxc5 Nxc5 15.Qxd5 Qxa4 16.Qxc5 Qxf4 0-1

[Event "WA Championship"]
[Site "Redmond"]
[Date "2009.02.15"]
[Round "7"]
[White "Schill William"]
[Black "Sinanan Joshua"]
[Result "0-1"]
[WhiteElo "2246"]
[BlackElo "2227"]
[Annotator ""]
[Source ""]
[Remark ""]

1.e4 c5 2.Nf3 e6 3.d4 cxd4 4.Nxd4 Nc6 5.Nb5 d6 6.c4 a6 7.N5c3
Nf6 8.Be2 Be7 9.O-O O-O 10.Na3 b6 11.Nc2 Bb7 12.Ne3 Rc8 13.f3
Qc7 14.Kh1 Rfe8 15.a3 Ne5 16.Bd2 Kh8 17.Rc1 g5 18.Be1 Rg8 19.Qd4
Qc5 20.Qd2 Rg6 21.Bf2 Qc7 22.Rfd1 g4 23.Nxg4 Nexg4 24.fxg4 Nxg4
25.Qd4+ Bf6 26.Qxb6 Nxf2+ 27.Qxf2 Be5 28.Bf1 Rcg8 29.Rd3 f5 30.c5
dxc5 31.exf5 Rxg2 32.Bxg2 Rxg2 33.Qxg2 Bxg2+ 34.Kxg2 Qb7+ 35.Kh3
Qxb2 36.Rd8+ Kg7 37.Rg1+ Kh6 0-1

[Event "WA Championship"]
[Site "Redmond"]
[Date "2009.02.15"]
[Round "7"]
[White "Cozianu Costin"]
[Black "Collyer Curt"]
[Result "1-0"]
[WhiteElo "2566"]
[BlackElo "2241"]
[Annotator ""]
[Source ""]
[Remark ""]

1.d4 e6 2.c4 f5 3.g3 Nf6 4.Bg2 Be7 5.Nf3 O-O 6.O-O d6 7.Nc3 Qe8
8.Re1 Qg6 9.e4 fxe4 10.Nxe4 Nxe4 11.Rxe4 Nc6 12.Qe2 Bf6 13.Bd2
e5 14.dxe5 Nxe5 15.Nxe5 Bxe5 16.Bc3 Bxc3 17.bxc3 Bd7 18.Re7 Rae8
19.Bd5+ Kh8 20.Bxb7 c6 21.Rxe8 Bxe8 22.c5 dxc5 23.Ba6 Qf6 24.Qe3
Bg6 25.Qxc5 Be4 26.Qe3 Bd5 27.Bf1 Qf5 28.Bg2 h6 29.Bxd5 Qxd5
30.Qd4 Qa5 31.a4 Rf3 32.Re1 Qf5 33.Re8+ Kh7 34.Re7 Qg5 35.Qe4+
Qf5 36.Qd4 Qg5 37.Rxg7+ Qxg7 38.Qe4+ Qg6 39.Qxf3 Qe6 40.Qe3 Qd7
41.Qe4+ 1-0

[Event "WA Championship"]
[Site "Redmond"]
[Date "2009.02.15"]
[Round "7"]
[White "May Andy"]
[Black "Chen Howard"]
[Result "0-1"]
[WhiteElo "2153"]
[BlackElo "2039"]
[Annotator ""]
[Source ""]
[Remark ""]

1.e4 e5 2.Nf3 Nc6 3.d4 exd4 4.Bc4 Bc5 5.c3 Nf6 6.e5 d5 7.Bb5
Ne4 8.cxd4 Bb4+ 9.Bd2 Nxd2 10.Nbxd2 Bd7 11.O-O O-O 12.Bd3 Be6
13.a3 Be7 14.Rc1 f6 15.Qc2 f5 16.Bb5 Na5 17.Qxc7 Rc8 18.Qxd8
Rfxd8 19.Rfd1 a6 20.Bd3 b5 21.b4 Nc4 22.Bxc4 bxc4 23.Ra1 Rb8
24.Nb1 a5 25.bxa5 Rb3 26.a4 c3 27.Rc1 Rc8 28.Ne1 Bg5 29.Rc2 f4
30.Nf3 Be7 31.a6 Bf5 32.Nxc3 Rbxc3 33.Rxc3 Rxc3 34.a7 Rc8 35.a5
Ra8 36.a6 Rxa7 37.Ra5 Be6 38.Ne1 Kf7 39.Kf1 Bd8 40.Ra3 Bc8 41.g3
Rxa6 42.Rb3 Ra1 43.Ke2 Ba6+ 44.Nd3 Bc4 45.Rb7+ Be7 46.Kd2 Ra2+
47.Nb2 fxg3 48.hxg3 Ba6 49.e6+ Kf6 50.Rb6 Ba3 51.e7+ Kxe7 52.Kc2
Rxb2+ 53.Rxb2 Bxb2 54.Kxb2 Kf6 55.Kc3 Kf5 56.f3 h5 57.Kd2 g5
58.Ke3 Bc4 59.Kf2 h4 60.g4+ Kf4 0-1

[Event "WA Championship"]
[Site "Redmond"]
[Date "2009.02.15"]
[Round "7"]
[White "Perez Ignacio"]
[Black "Rohonyan Katerine"]
[Result "0-1"]
[WhiteElo "2311"]
[BlackElo "2335"]
[Annotator ""]
[Source ""]
[Remark ""]

1.d4 Nf6 2.Nf3 d5 3.c4 e6 4.Nc3 c5 5.e3 a6 6.a4 Nc6 7.Bd3 dxc4
8.Bxc4 Be7 9.O-O O-O 10.Qe2 cxd4 11.Rd1 e5 12.exd4 exd4 13.Ne5
Nxe5 14.Qxe5 Ng4 15.Qxd4 Qxd4 16.Rxd4 Bc5 17.Rd2 Re8 18.h3 Nxf2
19.Rxf2 Re1+ 20.Bf1 Be6 21.b4 Bd4 22.Bb2 Rxa1 23.Bxa1 Rc8 24.Bb2
Bxc3 25.Bxc3 Rxc3 26.Rd2 Kf8 27.Be2 Ke7 28.a5 Bd7 29.Bf3 Bc6
30.Bxc6 Rxc6 31.Rb2 Kd7 32.b5 axb5 33.Rxb5 Kc7 34.Kf2 Re6 35.h4
Kb8 36.g4 f6 37.Rd5 Re7 38.Kf3 Ka7 39.Rd6 Rc7 40.Re6 Rc3+ 41.Kg2
Rc4 42.Kg3 Rc3+ 43.Kg2 h5 44.gxh5 Rc5 45.h6 gxh6 46.Rxf6 h5 47.Rg6
Rxa5 48.Rg5 b6 49.Kf3 Ka6 50.Ke3 Rc5 51.Kd3 Ka5 52.Rg1 Kb5 53.Rb1+
Kc6 54.Rg1 Rd5+ 55.Ke4 b5 56.Rc1+ Rc5 57.Rh1 b4 58.Kd3 Kb5 59.Rg1
Ka4 60.Rg5 Rc8 61.Rxh5 b3 62.Rh7 b2 63.Ra7+ Kb3 64.Rb7+ Ka2 65.Ra7+
Kb1 66.Ke3 Kc2 67.Rb7 Rc3+ 68.Kf4 Rb3 69.Rc7+ Kd2 70.Rd7+ Ke2 0-1

[Event "WA Championship"]
[Site "Redmond"]
[Date "2009.02.15"]
[Round "8"]
[White "Lee Michael"]
[Black "Perez Ignacio"]
[Result "1-0"]
[WhiteElo "2374"]
[BlackElo "2311"]
[Annotator ""]
[Source ""]
[Remark ""]

1.c4 e5 2.Nc3 Nf6 3.g3 c6 4.Nf3 d6 5.d4 Nbd7 6.Bg2 Be7 7.O-O
O-O 8.e4 Re8 9.Re1 Bf8 10.Rb1 exd4 11.Nxd4 g6 12.b3 h5 13.h3
Nh7 14.f4 Bg7 15.Bb2 a5 16.Kh1 Nc5 17.Qd2 a4 18.b4 a3 19.Ba1
Ne6 20.Nce2 Nxd4 21.Bxd4 Bxd4 22.Nxd4 Qf6 23.Rb3 Nf8 24.Nc2 Ne6
25.h4 c5 26.Rxa3 Rxa3 27.Nxa3 Qd4 28.Qxd4 Nxd4 29.bxc5 dxc5 30.e5
Bg4 31.Nb5 Nxb5 32.cxb5 Ra8 33.Bxb7 Rxa2 34.Rc1 Ra3 35.Bc6 Rxg3
36.b6 Bc8 37.Ra1 Rb3 38.Ra8 Rxb6 39.Rxc8+ Kg7 40.Bd5 Rb4 41.Rc7
Rxf4 42.e6 Rxh4+ 43.Kg2 Rb4 44.Rxf7+ Kh6 45.e7 1-0

[Event "WA Championship"]
[Site "Redmond"]
[Date "2009.02.15"]
[Round "8"]
[White "Sinanan Joshua"]
[Black "Greninger Harley"]
[Result "1/2-1/2"]
[WhiteElo "2227"]
[BlackElo "2236"]
[Annotator ""]
[Source ""]
[Remark ""]

1.Nf3 Nf6 2.c4 c6 3.Nc3 d5 4.d4 dxc4 5.a4 Bf5 6.Ne5 Nbd7 7.Nxc4
Qc7 8.g3 e5 9.dxe5 Nxe5 10.Bf4 Rd8 11.Qc1 Bd6 12.Nxd6+ Qxd6 13.Bg2
O-O 14.O-O a5 15.Qe3 Nfg4 16.Qb6 Qb4 17.Qxb4 axb4 18.Na2 Ng6
19.Bc7 Rd2 20.e4 Be6 21.Nxb4 Rc8 22.Bb6 Rxb2 23.Rab1 Rxb1 24.Rxb1
N4e5 25.f4 Nc4 26.Bf2 f5 27.exf5 Bxf5 28.Rc1 Nb2 29.a5 Nd3 30.Nxd3
Bxd3 31.Rd1 Bf5 32.Bc5 Nf8 33.h3 h5 34.Kh2 Nd7 35.Bd4 Ra8 36.Bc3
Re8 37.Bf3 Re3 38.g4 Rxf3 39.gxf5 Rxc3 40.Rxd7 Rc5 41.f6 gxf6
42.Rxb7 Rxa5 43.Kg3 Kf8 44.Rc7 Rc5 45.Kf3 1/2-1/2

[Event "WA Championship"]
[Site "Redmond"]
[Date "2009.02.15"]
[Round "8"]
[White "Collyer Curt"]
[Black "Schill William"]
[Result "1-0"]
[WhiteElo "2241"]
[BlackElo "2246"]
[Annotator ""]
[Source ""]
[Remark ""]

1.d4 Nf6 2.c4 g6 3.Nc3 Bg7 4.e4 d6 5.f4 O-O 6.Nf3 c5 7.dxc5 Qa5
8.Bd3 Qxc5 9.Qe2 Bg4 10.Be3 Qc8 11.O-O Nc6 12.Rac1 Nd7 13.Qf2
Nc5 14.Bb1 b6 15.Qd2 Qb7 16.h3 Bxf3 17.Rxf3 a6 18.h4 Rad8 19.Qf2
Nd7 20.h5 Nf6 21.hxg6 fxg6 22.Qh4 e6 23.Rh3 Rd7 24.Rf1 Nh5 25.g4
Bf6 26.Qf2 Bxc3 27.gxh5 Bb4 28.hxg6 Rg7 29.Rg3 Rxg6 30.Rxg6+
hxg6 31.Qg2 Ne7 32.Qg4 Rf6 33.Rd1 Kg7 34.Qh4 Bc5 35.Bxc5 dxc5
36.Rd8 Ng8 37.Rxg8+ 1-0

[Event "WA Championship"]
[Site "Redmond"]
[Date "2009.02.15"]
[Round "8"]
[White "May Andy"]
[Black "Cozianu Costin"]
[Result "0-1"]
[WhiteElo "2153"]
[BlackElo "2566"]
[Annotator ""]
[Source ""]
[Remark ""]

1.e4 e5 2.Nf3 Nc6 3.d4 exd4 4.Bc4 Nf6 5.e5 d5 6.Bb5 Ne4 7.Nxd4
Bc5 8.O-O Bd7 9.Bxc6 bxc6 10.f3 Ng5 11.f4 Ne4 12.Be3 Rb8 13.b3
Bb6 14.Nd2 c5 15.Ne2 Nxd2 16.Qxd2 d4 17.Bf2 Bc6 18.f5 g5 19.fxg6
hxg6 20.Nf4 Qg5 21.Rad1 Kd7 22.c3 Rbd8 23.cxd4 cxd4 24.Bxd4 Kc8
25.Qe3 Rxd4 26.Rxd4 Bxg2 27.Nxg2 Qxe3+ 28.Nxe3 Bxd4 29.Rf3 Rh7
30.Kg2 Bxe5 31.Ng4 Bd6 32.h3 f5 33.Ne3 Re7 34.Nc4 Bc5 35.Rg3
Re6 36.h4 Be7 37.Kh3 c5 38.Rg2 Bd8 39.h5 gxh5 40.Rf2 h4 41.Rxf5
Be7 42.Re5 Kd7 43.Rd5+ Kc6 44.Rd2 Re4 45.Kg2 Rg4+ 46.Kh3 Rd4
47.Re2 Bd8 48.Re3 Kb5 49.Na3+ Ka5 50.Nc4+ Kb4 51.Kg2 a5 52.a3+
Kb5 53.Re6 Bc7 54.Re7 Kc6 55.Re6+ Kd7 56.Rh6 a4 57.Nb6+ Bxb6
58.Rxb6 Kc7 59.Rb5 Kc6 60.bxa4 Rd3 0-1

[Event "WA Championship"]
[Site "Redmond"]
[Date "2009.02.15"]
[Round "8"]
[White "Chen Howard"]
[Black "Rohonyan Katerine"]
[Result "1-0"]
[WhiteElo "2039"]
[BlackElo "2335"]
[Annotator ""]
[Source ""]
[Remark ""]

1.e4 g6 2.d4 Bg7 3.Nf3 d6 4.c3 Nf6 5.Bd3 O-O 6.O-O h6 7.Re1 e6
8.a3 Nc6 9.Nbd2 b6 10.b4 a6 11.Qc2 Bb7 12.Bb2 Ne7 13.Rad1 Nd7
14.c4 c5 15.dxc5 bxc5 16.Bxg7 Kxg7 17.e5 dxe5 18.Be4 Bxe4 19.Nxe4
Qc7 20.Rxd7 Qxd7 21.Nxc5 Qc8 22.Nxe5 Ra7 23.Ng4 Ng8 24.Qc3+ Kh7
25.Ne4 e5 26.Nef6+ Kh8 27.Rxe5 Rd8 28.Re1 1-0

[Event "WA Championship"]
[Site "Redmond"]
[Date "2009.02.16"]
[Round "9"]
[White "Rohonyan Katerine"]
[Black "Lee Michael"]
[Result "1-0"]
[WhiteElo "2335"]
[BlackElo "2374"]
[Annotator ""]
[Source ""]
[Remark ""]

1.e4 c5 2.Nc3 Nc6 3.Bb5 Nd4 4.Bc4 g6 5.Nf3 Bg7 6.Nxd4 cxd4 7.Qf3
Nh6 8.Ne2 f5 9.d3 Ng4 10.Bb3 Rf8 11.Bd2 e6 12.exf5 gxf5 13.h3
Qh4 14.Nf4 Ne5 15.Qe2 a5 16.a4 Qe7 17.O-O b6 18.Rfe1 Bb7 19.c3
Ng6 20.Qh5 O-O-O 21.Qxh7 Nxf4 22.Bxf4 Qf7 23.cxd4 Rh8 24.Rac1+
Bc6 25.Rxc6+ Kb7 26.Rc7+ Ka6 27.Qxh8 Bxh8 28.Bc4+ b5 29.axb5+
Kb6 30.Rxe6+ Qxe6 31.Bxe6 dxe6 32.Rc3 Kxb5 33.Be5 Bxe5 34.dxe5
f4 35.g3 f3 36.h4 Rd5 37.d4 Rxd4 38.Rxf3 a4 39.h5 Re4 40.Re3
Rg4 41.f4 1-0

[Event "WA Championship"]
[Site "Redmond"]
[Date "2009.02.16"]
[Round "9"]
[White "Perez Ignacio"]
[Black "Sinanan Joshua"]
[Result "0-1"]
[WhiteElo "2311"]
[BlackElo "2227"]
[Annotator ""]
[Source ""]
[Remark ""]

1.d4 Nf6 2.Nf3 e6 3.a3 b5 4.Bg5 Bb7 5.Nbd2 Be7 6.Bxf6 Bxf6 7.e4
a6 8.Bd3 d6 9.O-O Nd7 10.Qe2 e5 11.c3 O-O 12.a4 c6 13.dxe5 dxe5
14.b4 Be7 15.Nb3 Rc8 16.Rfd1 Qc7 17.Na5 Ba8 18.Bc2 c5 19.axb5
axb5 20.Qxb5 Nf6 21.Bb3 Bxe4 22.Ng5 Bg6 23.Ne6 fxe6 24.Bxe6+
Bf7 25.Bxc8 Rxc8 26.h3 h6 27.Nb7 Rb8 28.Ra7 cxb4 29.cxb4 Qc3
30.Qa6 Qxb4 31.Ra8 Rxa8 32.Qxa8+ Kh7 33.Nd8 Qb3 34.Qa1 Bd5 35.Rb1
Qd3 36.Rb8 e4 37.Qc1 Bd6 38.Rb6 Be5 39.Nc6 Bxc6 40.Rxc6 Bd4 41.Qc2
Qa3 42.Re6 Qa1+ 43.Kh2 Qe1 0-1

[Event "WA Championship"]
[Site "Redmond"]
[Date "2009.02.16"]
[Round "9"]
[White "Greninger Harley"]
[Black "Collyer Curt"]
[Result "0-1"]
[WhiteElo "2236"]
[BlackElo "2241"]
[Annotator ""]
[Source ""]
[Remark ""]

1.d4 e6 2.Nf3 b6 3.e4 Bb7 4.Bd3 d6 5.O-O Nd7 6.Qe2 a6 7.c4 g6
8.Nc3 Bg7 9.Bg5 Ne7 10.Rad1 h6 11.Be3 O-O 12.Bc2 Qc8 13.Ba4 Kh7
14.Nd2 f5 15.f4 Nf6 16.e5 dxe5 17.dxe5 Ng4 18.Nf3 Nxe3 19.Qxe3
Bc6 20.Nd4 Bxa4 21.Nxa4 Rb8 22.Rd2 c5 23.Nb3 Qc6 24.Nc3 Rfd8
25.Rfd1 Rxd2 26.Rxd2 g5 27.Rd6 gxf4 28.Rxc6 fxe3 29.Rxe6 Ng6
30.Nd5 f4 31.Nc1 b5 32.Nb6 Nxe5 33.cxb5 Rd8 34.Kf1 axb5 35.Ke1
Rd2 0-1

[Event "WA Championship"]
[Site "Redmond"]
[Date "2009.02.16"]
[Round "9"]
[White "Schill William"]
[Black "May Andy"]
[Result "1-0"]
[WhiteElo "2246"]
[BlackElo "2153"]
[Annotator ""]
[Source ""]
[Remark ""]

1.e4 c5 2.Nf3 Nc6 3.c3 Nf6 4.e5 Nd5 5.Bc4 Nb6 6.Bb3 d5 7.exd6
c4 8.Bc2 Qxd6 9.O-O Bg4 10.Qe2 Qf6 11.Be4 O-O-O 12.b3 Ne5 13.Na3
Nd5 14.Nxc4 Nf4 15.Bxb7+ Kxb7 16.Qxe5 Nh3+ 17.gxh3 Bxf3 18.d4
Rd5 19.Qg3 Rf5 20.Re1 e6 21.Re5 Be7 22.Rxf5 Qxf5 23.Bf4 Be4 24.Re1
g5 25.Bd6 Bf6 26.Be5 Bxe5 27.dxe5 Qf3 28.Nd6+ Kc6 29.Nxe4 Qxg3+
30.hxg3 h6 31.Rd1 Rb8 32.c4 a5 33.Rd6+ Kc7 34.Nc5 Rf8 35.Rxe6
a4 36.Rxh6 axb3 37.axb3 1-0

[Event "WA Championship"]
[Site "Redmond"]
[Date "2009.02.16"]
[Round "9"]
[White "Cozianu Costin"]
[Black "Chen Howard"]
[Result "1-0"]
[WhiteElo "2566"]
[BlackElo "2039"]
[Annotator ""]
[Source ""]
[Remark ""]

1.e4 e5 2.Nf3 Nc6 3.Bb5 Nf6 4.d3 Bc5 5.c3 d6 6.Nbd2 O-O 7.O-O
a6 8.Bxc6 bxc6 9.d4 Ba7 10.dxe5 dxe5 11.Qe2 Bg4 12.h3 Bxf3 13.Qxf3
Qe7 14.Nc4 Qe6 15.b3 Nd7 16.Ba3 Rfe8 17.Rad1 Rad8 18.Rd3 Nb8
19.Rfd1 Rxd3 20.Qxd3 Qf6 21.Rd2 Kh8 22.g3 Kg8 23.Kg2 Kh8 24.Qf3
Qxf3+ 25.Kxf3 f6 26.Be7 Kg8 27.Bd8 Bd4 28.cxd4 Rxd8 29.Ke3 exd4+
30.Rxd4 Re8 31.f4 Kf7 32.Na5 Ke7 33.Kf3 Rf8 34.h4 Re8 35.h5 Rg8
36.g4 Rf8 37.Ke3 Rg8 38.Rc4 Kd7 39.Nb7 Ke7 40.Nc5 Rd8 41.Rd4
Rf8 42.b4 g6 43.h6 g5 44.f5 Rc8 45.a4 Re8 46.a5 Rc8 47.Rd2 Re8
48.Rd1 Rc8 49.Kf3 Re8 50.e5 fxe5 51.Ne4 Rg8 52.Kg3 Kf7 53.Rd3
Ke7 54.Rc3 Kf7 55.Rc5 Ke7 56.Rxe5+ Kf7 57.Re6 Kf8 58.Nf6 1-0

[Event "WA Premier"]
[Site "Redmond"]
[Date "2009.02.07"]
[Round "1"]
[White "Kelley Dereque"]
[Black "Xing Kerry"]
[Result "1-0"]
[WhiteElo "2121"]
[BlackElo "2027"]
[Annotator ""]
[Source ""]
[Remark ""]

1.d4 f5 2.g3 Nf6 3.Bg2 g6 4.Nf3 Bg7 5.O-O O-O 6.b3 d6 7.Bb2 c6
8.c4 Na6 9.Nc3 Rb8 10.Qc2 h6 11.Rfe1 Qe8 12.e4 Nb4 13.Qd2 Nxe4
14.Nxe4 fxe4 15.Rxe4 Bf5 16.Nh4 Bxe4 17.Bxe4 Na6 18.Bxg6 Qd7
19.Qc2 Qe6 20.d5 cxd5 21.Bh7+ Kf7 22.Bf5 1-0

[Event "WA Premier"]
[Site "Redmond"]
[Date "2009.02.07"]
[Round "1"]
[White "Lee Nathan"]
[Black "Bartron Paul"]
[Result "0-1"]
[WhiteElo "1855"]
[BlackElo "2131"]
[Annotator ""]
[Source ""]
[Remark ""]

1.e4 c5 2.Nf3 a6 3.c4 d6 4.d4 cxd4 5.Nxd4 Nf6 6.Nc3 Nbd7 7.Be3
Nc5 8.f3 e6 9.Be2 b6 10.b4 Ncd7 11.O-O Bb7 12.Rb1 Be7 13.Qc2
Rc8 14.Qb3 O-O 15.g4 h6 16.Rf2 Ne5 17.Nc2 Qc7 18.c5 dxc5 19.bxc5
Bxc5 20.Bxc5 Qxc5 21.Qxb6 Qxb6 22.Rxb6 Rxc3 23.Rxb7 Rxc2 24.Bxa6
Rxf2 25.Kxf2 Ra8 26.Be2 Rxa2 27.h3 Ng6 28.Ke3 Ra3+ 29.Kf2 Nf4
30.Bf1 Ra2+ 31.Kg1 g5 32.Rb3 Nd7 33.Re3 Ne5 34.Rb3 Kf8 35.Re3
Ke7 36.Rb3 Kd6 37.Re3 Kc5 38.Rc3+ Kd4 39.Rb3 Ne2+ 40.Bxe2 Rxe2
41.Ra3 Re3 0-1

[Event "WA Premier"]
[Site "Redmond"]
[Date "2009.02.07"]
[Round "1"]
[White "Cloy Elston"]
[Black "Smith Allen"]
[Result "0-1"]
[WhiteElo "1961"]
[BlackElo "2025"]
[Annotator ""]
[Source ""]
[Remark ""]

1.Nf3 Nf6 2.g3 d5 3.Bg2 Bf5 4.O-O e6 5.d3 Bd6 6.Nbd2 O-O 7.c4
c6 8.Qc2 Nbd7 9.e4 Bg6 10.b3 dxe4 11.dxe4 Nc5 12.Nh4 Be5 13.Nxg6
hxg6 14.Ba3 Qa5 15.Bxc5 Qxc5 16.Rad1 Rad8 17.Nf3 Bc7 18.Qe2 Bb6
19.Ne1 Rxd1 20.Qxd1 Rd8 21.Qe2 Qd4 22.a4 Qc3 23.Qf3 Qb2 24.Nd3
Qxb3 25.Ne5 Qb2 26.Nd3 Qc2 27.Nf4 Qxc4 28.e5 Nd5 29.Nxd5 Rxd5
30.Qa3 Rxe5 31.Qe7 Rf5 32.Qd8+ Bxd8 0-1

[Event "WA Premier"]
[Site "Redmond"]
[Date "2009.02.07"]
[Round "1"]
[White "Guo Alex"]
[Black "Gale Geoffrey"]
[Result "1-0"]
[WhiteElo "2071"]
[BlackElo "2038"]
[Annotator ""]
[Source ""]
[Remark ""]

1.f4 d5 2.Nf3 Bg4 3.Ne5 Bf5 4.d3 f6 5.Nf3 Nc6 6.g3 e5 7.Bg2 Qd7
8.h3 Bd6 9.g4 Be6 10.f5 Bf7 11.Nc3 e4 12.dxe4 Bg3+ 13.Kf1 d4
14.Nb5 O-O-O 15.Bd2 a6 16.Na3 h5 17.Be1 Bf4 18.Bd2 Bxd2 19.Qxd2
hxg4 20.hxg4 Rxh1+ 21.Bxh1 Qd6 22.g5 g6 23.Kf2 Nge7 24.gxf6 Qxf6
25.Qg5 Qd6 26.f6 Ng8 27.e5 Qb4 28.Bg2 {In a mutual time scramble Black flagged.}
 1-0

[Event "WA Premier"]
[Site "Redmond"]
[Date "2009.02.07"]
[Round "1"]
[White "MacGregor Michael"]
[Black "Pupols Viktors"]
[Result "0-1"]
[WhiteElo "2200"]
[BlackElo "2200"]
[Annotator ""]
[Source ""]
[Remark ""]

1.e4 e5 2.Bc4 Nf6 3.d4 Nc6 4.Nf3 exd4 5.e5 Ng4 6.O-O d6 7.exd6
Qxd6 8.Bg5 Be6 9.Nbd2 Be7 10.Ne4 Qd7 11.Bxe6 fxe6 12.Bxe7 Qxe7
13.Nxd4 O-O-O 14.Nxc6 Qh4 15.Qxg4 Qxg4 16.Nxd8 Rxd8 17.Rfe1 Qf5
18.b4 b6 19.c3 h6 20.Rac1 Qb5 21.f3 Qa4 22.Ra1 Kb7 23.h3 Qa3
24.Re2 a5 25.bxa5 Qxa5 26.a4 Kc8 27.Rb2 Qa6 28.Kh2 Rd5 29.Rba2
Ra5 30.Rd2 Rxa4 31.Rad1 Ra2 32.Rd8+ Kb7 33.R1d7 Qe2 34.Rxg7 Qxf3
35.Rd4 Qf4+ 36.Ng3 Qe3 37.Rc4 Qe5 38.Re7 Rd2 39.Re4 Qxc3 40.R4xe6
Qb2 41.Ne2 Ka6 42.Re4 c5 43.Nf4 h5 44.R7e6 h4 45.Re7 Rd1 46.Ne2
Rd2 47.Nf4 Rd4 48.Re2 Qb3 49.R7e3 Qxe3 50.Rxe3 Rxf4 51.g4 hxg3+
52.Kxg3 Rf8 53.h4 c4 54.h5 b5 55.Re6+ Ka5 56.Rc6 Kb4 57.Kg4 c3 0-1

[Event "WA Premier"]
[Site "Redmond"]
[Date "2009.02.07"]
[Round "2"]
[White "Gale Geoffrey"]
[Black "Smith Allen"]
[Result "1-0"]
[WhiteElo "2038"]
[BlackElo "2025"]
[Annotator ""]
[Source ""]
[Remark ""]

1.e4 c5 2.Nc3 e6 3.Nf3 a6 4.d4 cxd4 5.Nxd4 Qc7 6.Bd3 Nf6 7.O-O
Bc5 8.Nb3 Be7 9.f4 d6 10.a4 b6 11.e5 dxe5 12.fxe5 Qxe5 13.Bf4
Qh5 14.Be2 Qg6 15.Bf3 Nd5 16.Bh5 Qf5 17.Bxb8 Ne3 18.Qe2 Nxf1
19.Rxf1 Qg5 20.Bxf7+ Kd8 21.Rd1+ Bd7 22.Rxd7+ Kxd7 23.Qxe6+ Kd8
24.Qxb6+ Kd7 25.Qc7# 1-0

[Event "WA Premier"]
[Site "Redmond"]
[Date "2009.02.07"]
[Round "2"]
[White "Guo Alex"]
[Black "Kelley Dereque"]
[Result "1/2-1/2"]
[WhiteElo "2071"]
[BlackElo "2121"]
[Annotator ""]
[Source ""]
[Remark ""]

1.f4 d5 2.g3 g6 3.Bg2 Bg7 4.Nf3 Nf6 5.O-O O-O 6.d3 c5 7.Qe1 d4
8.a4 Nc6 9.Na3 Rb8 10.Nc4 Nd7 11.g4 Nb6 12.Nxb6 Qxb6 13.Qg3 Qc7
14.h4 f5 15.g5 Bd7 16.e4 fxe4 17.dxe4 e5 18.Nh2 Rbe8 19.Ng4 Bxg4
20.Qxg4 exf4 21.Bxf4 Be5 22.Bxe5 Qxe5 23.Qd7 Nb4 24.Qxb7 Rb8
25.Rxf8+ Rxf8 26.Rf1 Rxf1+ 27.Bxf1 Qg3+ 28.Bg2 Qe1+ 29.Bf1 Qg3+
30.Bg2 Qe3+ 31.Kh2 Qf4+ 1/2-1/2

[Event "WA Premier"]
[Site "Redmond"]
[Date "2009.02.07"]
[Round "2"]
[White "Xing Kerry"]
[Black "MacGregor Michael"]
[Result "1-0"]
[WhiteElo "2027"]
[BlackElo "2200"]
[Annotator ""]
[Source ""]
[Remark ""]

1.d4 Nf6 2.c4 g6 3.Nc3 d5 4.Bf4 Bg7 5.e3 O-O 6.Nf3 c5 7.dxc5
Qa5 8.Rc1 dxc4 9.Bxc4 Qxc5 10.Bb3 Nc6 11.O-O Qa5 12.h3 Bf5 13.Qe2
e5 14.Bh2 Rad8 15.e4 Bc8 16.Qe3 Nd4 17.Nxe5 Nxb3 18.axb3 Rfe8
19.Nc4 Qb4 20.Qxa7 Bh6 21.Rcd1 Rxd1 22.Rxd1 Qxb3 23.Nd6 Rd8 24.Qd4
Bg7 25.Be5 Ne8 26.Bxg7 Rxd6 27.Nd5 Rxd5 28.Qxd5 Qxd5 29.Rxd5
Kxg7 30.Rd8 Be6 31.Rxe8 Bd7 32.Re7 Bc6 33.e5 Kf8 34.Rc7 Ke8 35.e6
fxe6 36.Rxh7 e5 37.Rg7 Be4 38.f3 Kf8 39.Rc7 Bc6 40.Kf2 g5 41.Rh7
e4 42.Rh5 1-0

[Event "WA Premier"]
[Site "Redmond"]
[Date "2009.02.07"]
[Round "2"]
[White "Bartron Paul"]
[Black "Cloy Elston"]
[Result "1-0"]
[WhiteElo "2131"]
[BlackElo "1961"]
[Annotator ""]
[Source ""]
[Remark ""]

1.e4 e5 2.Nf3 Nc6 3.Bb5 a6 4.Ba4 Nf6 5.O-O Be7 6.Re1 b5 7.Bb3
d6 8.c3 O-O 9.h3 Bb7 10.d4 Re8 11.Nbd2 Bf8 12.a4 h6 13.d5 Ne7
14.Qe2 c6 15.c4 bxc4 16.dxc6 Bxc6 17.Bxc4 Qb6 18.Qd3 Qb7 19.b3
Ng6 20.Bb2 Nf4 21.Qc2 Rac8 22.Rac1 Bd7 23.Qb1 g5 24.Bf1 g4 25.Nh4
gxh3 26.g3 h2+ 27.Kh1 Nh3 28.Bxh3 Bxh3 29.Kxh2 Be6 30.Qd3 Ng4+
31.Kg2 Rxc1 32.Bxc1 f5 33.f3 fxe4 34.Nxe4 d5 35.Nd6 e4 36.Nxb7
exd3 37.fxg4 Kf7 38.Rf1+ Kg7 39.Nf5+ Kh7 40.Nbd6 Rb8 41.g5 Rd8
42.Nd4 Bg8 43.N6f5 hxg5 44.Bxg5 Rb8 45.Rd1 Kg6 46.Bf4 Rb4 47.Rxd3
Kf6 48.g4 Bh7 49.Kf3 Bc5 50.Nc6 Rb6 51.Ne5 Bxf5 52.gxf5 Rb7 53.Ng4+
Kf7 54.Ne3 d4 55.Nc4 1-0

[Event "WA Premier"]
[Site "Redmond"]
[Date "2009.02.07"]
[Round "2"]
[White "Pupols Viktors"]
[Black "Lee Nathan"]
[Result "1/2-1/2"]
[WhiteElo "2200"]
[BlackElo "1855"]
[Annotator ""]
[Source ""]
[Remark ""]

1.d4 d5 2.Nf3 Nf6 3.Bf4 e6 4.e3 Nbd7 5.Bd3 Be7 6.h3 b6 7.Nc3
a6 8.e4 dxe4 9.Nxe4 Bb7 10.Qe2 Qc8 11.O-O O-O 12.c3 Nxe4 13.Bxe4
c5 14.Rad1 Nf6 15.Bxb7 Qxb7 16.Be5 Nd7 17.Bg3 Nf6 18.dxc5 Bxc5
19.Bd6 Rfc8 20.Bxc5 Rxc5 21.Rfe1 b5 22.Rd4 Rd5 23.Red1 Rad8 24.Rxd5
Rxd5 25.Rxd5 Qxd5 26.Qe5 Qxe5 27.Nxe5 Kf8 28.c4 bxc4 29.Nxc4
Nd5 30.Kf1 Ke7 31.Ke2 f6 32.g3 h5 33.a3 e5 34.b4 Ke6 35.Kd3 g5
36.Nb2 Nb6 37.a4 Kd5 38.a5 Nd7 39.Nd1 e4+ 40.Kc3 Ne5 41.Ne3+
Kc6 42.Kd4 Nd3 43.f3 Nf2 44.fxe4 Nxh3 45.Nd5 g4 46.Nxf6 h4 47.Nxg4
hxg3 48.Ne5+ Kb5 49.Nf3 g2 50.e5 Ng5 51.Ng1 Kxb4 52.Ke3 Kxa5
53.Kf2 Kb5 54.Ne2 Kc5 55.Kxg2 a5 56.Nc3 Kd4 57.Na4 Kxe5 58.Kf2
Kd4 59.Ke2 Ne4 60.Kd1 Nc3+ 1/2-1/2

[Event "WA Premier"]
[Site "Redmond"]
[Date "2009.02.08"]
[Round "3"]
[White "MacGregor Michael"]
[Black "Guo Alex"]
[Result "1-0"]
[WhiteElo "2200"]
[BlackElo "2071"]
[Annotator ""]
[Source ""]
[Remark ""]

1.e4 e6 2.d4 d5 3.Nc3 Bb4 4.e5 c5 5.Bd2 Ne7 6.Nb5 Bxd2+ 7.Qxd2
O-O 8.f4 Nbc6 9.Nf3 Nf5 10.Bd3 a6 11.Bxf5 axb5 12.Bxh7+ Kxh7
13.Ng5+ Kg8 14.Qd3 g6 15.Qh3 Qxg5 16.fxg5 Nxd4 17.O-O b6 18.a3
Nxc2 19.Rad1 d4 20.Rf4 f5 21.gxf6 Ne3 22.Qh6 Nf5 23.Qxg6+ Kh8
24.Rh4+ Nh6 25.Rxh6# 1-0

[Event "WA Premier"]
[Site "Redmond"]
[Date "2009.02.08"]
[Round "3"]
[White "Kelley Dereque"]
[Black "Gale Geoffrey"]
[Result "1-0"]
[WhiteElo "2121"]
[BlackElo "2038"]
[Annotator ""]
[Source ""]
[Remark ""]

1.d4 Nf6 2.c4 e6 3.Nc3 Bb4 4.Qc2 Nc6 5.Nf3 d6 6.Bd2 O-O 7.a3
Bxc3 8.Bxc3 Qe7 9.b4 e5 10.dxe5 Nxe5 11.Nxe5 dxe5 12.e3 b6 13.Be2
Bb7 14.O-O Be4 {D} 15.Qb2 Rfe8 16.f3 Bc6 17.Rad1 Ba4 18.Rd2 Bc6
19.Rfd1 Ba4 20.Rc1 Bc6 21.b5 Bb7 22.Bb4 Qe6 23.c5 Rad8 24.c6
Rxd2 25.Qxd2 Bc8 26.e4 Nh5 27.g3 Qg6 28.Kf2 Qf6 29.Rd1 g6 30.Bc3
Qe6 31.Kg1 Ng7 32.f4 Qe7 33.Bxe5 Qxa3 34.Bxc7 Rxe4 35.Bd6 Qa4
36.Be5 Ne6 37.Qd8+ {%30^001} 1-0